Юнг (Запис номер 88012)
[ съкратено ]
| 000 -Лидер | |
|---|---|
| Контролно поле с фиксирана дължина | 01849nam a2200397 c 4500 |
| 003 - Код на организацията, давaща контролен номер | |
| Контролно поле | BLK |
| 005 - Дата и час на последна редакция | |
| Контролно поле | 20180422104434.0 |
| 008 - Елементи от данни с фиксирана дължина | |
| fixed length control field | 180408b bul|||||r ||||||| ||bul|| |
| 010 ## - Наследен системен номер | |
| LC control number | KNG00092667000 |
| 020 ## - Международен стандартен номер на книга ISBN | |
| Международен стандартен номер на книга ISBN | 978-954-09-0201-2 |
| -- | издат.: Захарий Стоянов |
| 040 ## - Източник на каталожния запис | |
| Идентификатор на билиотеката - собственик на записа | BLK |
| 041 ## - Код за език | |
| Код за езика на текст/звукозапис или на отделно заглавие | Български |
| Код за езика КДБФ | Български |
| 080 ## - УДК | |
| Текстов определител УДК | Психологически системи и учения. Вж и 159.964.2 |
| УДК код - определител по УДК | 159.9.019 |
| УДК определител | (494)(092) |
| УДК - код + определител | 159.9.019(494)(092) |
| 080 ## - УДК | |
| Текстов определител УДК | Безсъзнателно и подсъзнателно |
| УДК код - определител по УДК | 159.964 |
| УДК определител | (494)(092) |
| УДК - код + определител | 159.964(494)(092) |
| 080 ## - УДК | |
| Текстов определител УДК | Швейцарски психолог и психиатър, ученик на Зигмунд Фройд |
| УДК код - определител по УДК | 929 Юнг, Карл Густав |
| УДК определител | |
| УДК - код + определител | 929 Юнг, Карл Густав |
| 100 1# - Редна дума - Автор | |
| Автор | Стивънс, Антъни |
| Авторска отговорност | първи автор |
| R(LIN) | 302978 |
| 139 ## - Редно поле | |
| Редна дума | Стивънс, Антъни |
| Авторски знак | Сти - С 76 |
| 245 10 - Сведения за заглавието | |
| Заглавие | Юнг |
| Подзаглавни данни | Кратко въвед. |
| Редно поле (дума) | Антъни Стивънс; прев. от англ. Владимир Цонев Ганев. |
| 257 ## - Страна на издаване | |
| Страна на създаване/издаване | Съединени американски щати |
| 260 ## - Област на издателските данни | |
| -- | София |
| Име на издателя, разпространителя и проч. | Захарий Стоянов |
| Година на издаване | 2008 |
| Печатница | Ямбол : Светлина |
| 300 ## - Физическа характеристика | |
| Страници | 319 с. |
| Илюстрации и др. | с ил. |
| Размери/Мащаб | 17 см |
| 380 ## - Жанр | |
| Жанр | Философия |
| 490 1# - СЕРИИ (Колекции) | |
| Име на серия | Малка оксфордска библиотека |
| 500 ## - Общи забележки | |
| Забележка | Ориг. загл. Jung / Anthony Stevens. - Азб. показалец |
| 600 14 - Име на лице, използвано като предмет | |
| За него / За нея | Юнг, Карл Густав |
| 9 (RLIN) | 364054 |
| 650 #4 - Допълнително описание по предмет – тема | |
| Основно описание – тема или топоним | Психолози, швейцарски |
| 9 (RLIN) | 252354 |
| 653 ## - Ключова дума – ненормативна | |
| Ключова дума | швейцарски психоаналитици |
| 653 ## - Ключова дума – ненормативна | |
| Ключова дума | биографии |
| 653 ## - Ключова дума – ненормативна | |
| Ключова дума | Карл Густав Юнг |
| 700 1# - Други автори (авторска отговорност) | |
| Лично име | Ганев, Владимир Цонев |
| Автороска отговорност (Описва отношението между автора и произведението) | прев. от англ. |
| 9 (RLIN) | 366132 |
| 852 ## - Местоположение | |
| Форматна сигнатура | Цб І 33458 |
| 856 4# - Електронен адрес и достъп | |
| Електронен формат | pdf - файл |
| Път до файла /url/ | |
| 856 4# - Електронен адрес и достъп | |
| Електронен формат | pdf - файл |
| Път до файла /url/ | |
| 942 ## - АРТИКУЛИ | |
| Вид на библиотечния материал | Книги |
| Скрит в OPAC | Не |
| 944 ## - СЪЗДАВАНЕ И РЕДАКЦИЯ на ЗАПИСА | |
| Създаване/Редакция | Създаване |
| Дата на регистрацията/редакция | 18.11.2009 |
| Служител, извършил регистрацията/редакцията | Валя_Йорданова |
| 944 ## - СЪЗДАВАНЕ И РЕДАКЦИЯ на ЗАПИСА | |
| Създаване/Редакция | Редакция |
| Дата на регистрацията/редакция | 18.11.2009 |
| Служител, извършил регистрацията/редакцията | |
| 999 ## - СИСТЕМНИ КОНТРОЛНИ НОМЕРА | |
| Koha biblionumber | 88012 |
| Koha biblioitemnumber | 88012 |
| Код за отписване | Код за изгубен артикул | Код за повреда | Коз за рестрикции | Код за отдаване | Артикулен № | Име на библиотеката - собственик | Име на библиотеката, в която се намира в момента | Статус (Текущо местоположение) | Дата на вписване в системата | Местоположение - отдел | Цена в лева | Инвентарен номер | Систематично азбучна сигнатура | Баркод | Номер на екземпляра | Цена в евро | Служебна бележка | Служебен тип на артикула |
|---|---|---|---|---|---|---|---|---|---|---|---|---|---|---|---|---|---|---|
| Не е изгубен | Не е повреден | без рестрикции | ползва се в читалня | 142481 | Регионална библиотека "Любен Каравелов" Русе | Регионална библиотека "Любен Каравелов" Русе | Хранилище | 2009-11-16 | Хранилище | 8.00 | 120000739807 | Цб І 33458 | 120000739807 | 1 | 4.09 | Дост: Dp Вид: Д N: 21 Дата: 13.05.2009 | Книги |